[Event "Winnipeg TNT 2020.02"]
[Site "Winnipeg CAN"]
[Date "2020.02.18"]
[Round "3.5"]
[White "Ford, Stephen"]
[Black "Rutter, Blair"]
[Result "0-1"]
[WhiteElo "1502"]
[BlackElo "1912"]
[PlyCount "88"]
[EventDate "2020.02.04"]
[EventType "swiss"]
[EventRounds "4"]
[EventCountry "CAN"]

1. e4 e6 2. d4 d5 3. exd5 exd5 4. Nf3 Nf6 5. Bg5 Bg4 6. h3 Bh5 7. Nbd2 Bd6 8.
Be2 O-O 9. O-O Nbd7 10. Re1 Re8 11. Bd3 c6 12. c3 Qc7 13. Qc2 Bf4 14. Bxf4 Qxf4
15. Rxe8+ Rxe8 16. Re1 Rxe1+ 17. Nxe1 Nf8 18. Ndf3 Ne6 19. Qd2 Kf8 20. Qxf4
Nxf4 21. g4 Nxh3+ 22. Kg2 Bxg4 23. Nd2 Nf4+ 24. Kg3 Nxd3 25. Nxd3 Bf5 26. Nc5
b6 27. Ncb3 g5 28. f3 Nh5+ 29. Kf2 Nf4 30. Nc1 h5 31. Nf1 Bg6 32. Kg3 f5 33.
Nh2 Kf7 34. a4 Ne6 35. b4 f4+ 36. Kf2 a6 37. a5 bxa5 38. bxa5 Nc7 39. Ke2 Nb5
40. Kd2 Na3 41. Nb3 Nc4+ 42. Ke2 Bf5 43. Nc5 Bc8 44. Nd3 Nxa5 0-1

[Event "Winnipeg TNT 2020.02"]
[Site "Winnipeg CAN"]
[Date "2020.02.18"]
[Round "3.6"]
[White "Gannon, Keith"]
[Black "Eckert, Ethan"]
[Result "0-1"]
[WhiteElo "1460"]
[BlackElo "1777"]
[PlyCount "112"]
[EventDate "2020.02.04"]
[EventType "swiss"]
[EventRounds "4"]
[EventCountry "CAN"]

1. e4 e6 2. e5 Nc6 3. d4 d6 4. exd6 Bxd6 5. Nf3 Nf6 6. Be2 O-O 7. O-O b6 8. c4
Bb7 9. Nc3 h6 10. h3 Ne7 11. Be3 Nf5 12. Nb5 Nxe3 13. fxe3 Bg3 14. b4 Ne4 15.
a4 c6 16. Na3 Bc7 17. Bd3 Ng3 18. Re1 Qe7 19. c5 bxc5 20. bxc5 e5 21. Nxe5 Ba5
22. Qf3 Bxe1 23. Rxe1 Qg5 24. Qg4 Qxg4 25. Nxg4 f6 26. Kh2 h5 27. Nxf6+ Rxf6
28. Bc4+ Kh7 29. Kxg3 a5 30. Bd3+ Kh6 31. Nc4 Ba6 32. Ne5 Bxd3 33. Nxd3 Rb8 34.
Re2 Rb3 35. Ne5 Ra3 36. Nd7 Rg6+ 37. Kf2 Rxa4 38. Nb6 Ra1 39. Re1 Rxg2+ 40.
Kxg2 Rxe1 41. Kf2 Ra1 42. d5 cxd5 43. Nxd5 Rc1 44. Kf3 Rxc5 45. Ke4 Rc1 46. Ke5
a4 47. e4 a3 48. Nb4 Rb1 49. Na2 Rb2 50. Nc3 a2 51. Nxa2 Rxa2 52. Kd6 Rh2 53.
e5 Rxh3 54. e6 Re3 55. e7 Rxe7 56. Kxe7 h4 0-1

[Event "Winnipeg TNT 2020.02"]
[Site "Winnipeg CAN"]
[Date "2020.02.18"]
[Round "3.7"]
[White "Melnyk, Jim"]
[Black "Ott, Richard"]
[Result "1-0"]
[WhiteElo "1682"]
[BlackElo "1500"]
[PlyCount "51"]
[EventDate "2020.02.04"]
[EventType "swiss"]
[EventRounds "4"]
[EventCountry "CAN"]

1. e4 d5 2. exd5 Qxd5 3. Nf3 Nf6 4. Be2 c5 5. O-O Nc6 6. c3 e5 7. d3 Qd8 8. Na3
Be7 9. Re1 O-O 10. Nc4 Qc7 11. Qc2 b5 12. Ne3 a6 13. Ng5 h6 14. Ne4 Nxe4 15.
dxe4 Be6 16. Rd1 Rad8 17. Nf1 Rxd1 18. Bxd1 Bd6 19. Be3 c4 20. Be2 f5 21. exf5
Bxf5 22. Qd2 e4 23. Rd1 Rd8 24. Qd5+ Kh8 25. Qxf5 Qe7 26. Ng3 1-0

[Event "Winnipeg TNT 2020.02"]
[Site "Winnipeg CAN"]
[Date "2020.02.18"]
[Round "3.8"]
[White "Wijeweera, Gavin"]
[Black "Piche, Zachary"]
[Result "0-1"]
[WhiteElo "1359"]
[BlackElo "1559"]
[PlyCount "52"]
[EventDate "2020.02.04"]
[EventType "swiss"]
[EventRounds "4"]
[EventCountry "CAN"]

1. e4 c5 2. Nf3 d6 3. d4 cxd4 4. Nxd4 Nf6 5. Nc3 a6 6. Bg5 e5 7. Nb3 Be6 8. Nd5
Bxd5 9. exd5 Nbd7 10. Qd2 Be7 11. Bxf6 Nxf6 12. O-O-O b5 13. Na5 Ne4 14. Qe1
Nxf2 15. Nc6 Bg5+ 16. Kb1 Qf6 17. Be2 Nxh1 18. Qxh1 O-O 19. Rf1 Qg6 20. Rf5
Qxf5 21. Bd3 Qf6 22. Qe1 Rfe8 23. Qe4 g6 24. c4 bxc4 25. Bxc4 Qf4 26. Qd3 Qc1#
0-1

[Event "Winnipeg TNT 2020.02"]
[Site "Winnipeg CAN"]
[Date "2020.02.18"]
[Round "3.9"]
[White "Aza-Farje, Marcelo"]
[Black "Bince, Rolando"]
[Result "0-1"]
[WhiteElo "1544"]
[BlackElo "1934"]
[Annotator "aboro"]
[PlyCount "123"]
[EventDate "2020.02.04"]
[EventType "swiss"]
[EventRounds "4"]
[EventCountry "CAN"]

1. e4 e6 2. e5 d5 3. exd6 cxd6 4. Nf3 Nf6 5. d4 Be7 6. Nc3 d5 7. Bf4 Nc6 8. Bb5
O-O 9. Ne5 Qb6 10. O-O Bb4 11. Bxc6 bxc6 12. Na4 Qb7 13. Qd3 Re8 14. a3 Bf8 15.
b4 Nd7 16. Rfe1 Nxe5 17. dxe5 Qb5 18. Qb3 Ba6 19. Nb2 c5 20. Qg3 Bb7 21. Bh6 d4
22. Nd3 Kh8 23. Bg5 h6 24. Bd2 c4 25. Nf4 g6 26. c3 dxc3 27. Qxc3 Rad8 28. Re3
Qd7 29. Rd1 Qd4 30. Qxd4 Rxd4 31. Ne2 Rd7 32. Nc3 Red8 33. Re2 a6 34. Na2 Rd3
35. Kf1 Rxa3 36. Ra1 Be4 37. Ke1 Bd3 38. Re3 Rb8 39. Bc1 Bxb4+ 40. Kd1 Ra4 41.
Rf3 Bf5 42. h3 h5 43. Rf4 Rd8+ 44. Ke2 Kg8 45. g4 hxg4 46. hxg4 g5 47. Rxf5
exf5 48. Bxg5 Re8 49. f4 Be7 50. Bxe7 Rxe7 51. gxf5 f6 52. e6 Rg7 53. Kf3 Kf8
54. Rd1 Ke8 55. Nc3 Ra3 56. Rc1 Rh7 57. Ke4 Rh2 58. Nd5 Re2+ 59. Kd4 Rd2+ 60.
Kxc4 Ra4+ 61. Kb3 Rxd5 62. Rc8+ {and Black won} 0-1

[Event "Winnipeg TNT 2020.02"]
[Site "Winnipeg CAN"]
[Date "2020.02.25"]
[Round "4.1"]
[White "Babb, Jeff"]
[Black "Baron, Gustav"]
[Result "0-1"]
[WhiteElo "2127"]
[BlackElo "2123"]
[Annotator "aboro"]
[PlyCount "98"]
[EventDate "2020.02.04"]
[EventType "swiss"]
[EventRounds "4"]
[EventCountry "CAN"]

1. e4 c5 2. Nc3 Nc6 3. g3 g6 4. Bg2 Bg7 5. d3 d6 6. Be3 Nf6 7. h3 O-O 8. Nge2
Rb8 9. O-O b5 10. a3 a5 11. Qd2 e5 12. f4 Nd4 13. fxe5 dxe5 14. Bg5 Qd6 15. a4
b4 16. Nb5 Qb6 17. Kh2 Nd7 18. Nbxd4 cxd4 19. b3 f6 20. Bh6 Nc5 21. Bxg7 Kxg7
22. Rf2 Be6 23. Rb1 Rb7 24. Ng1 Rc7 25. Nf3 Nd7 26. Rbf1 Rfc8 27. Ne1 Bf7 28.
h4 h6 29. Bh3 Be6 30. Bxe6 Qxe6 31. Qd1 Rc6 32. Qf3 Rf8 33. g4 Qe7 34. Qg3 g5
35. Nf3 Rfc8 36. Qg2 Nf8 37. Kg3 Ng6 38. Rh1 Qc7 39. hxg5 hxg5 40. Rh2 Rh8 41.
Rxh8 Kxh8 42. Qh1+ Kg8 43. Qh6 Qg7 44. Qxg7+ Kxg7 45. Ne1 Nf4 46. Rh2 Ne6 47.
Nf3 Rc3 48. Ne1 Nc5 49. Rd2 Nxe4+ 0-1

[Event "Winnipeg TNT 2020.02"]
[Site "Winnipeg CAN"]
[Date "2020.02.25"]
[Round "4.2"]
[White "Orogun, Ibukun"]
[Black "Wiebe, Isaac"]
[Result "0-1"]
[WhiteElo "1835"]
[BlackElo "2190"]
[PlyCount "52"]
[EventDate "2020.02.04"]
[EventType "swiss"]
[EventRounds "4"]
[EventCountry "CAN"]

1. e4 e6 2. d4 d5 3. exd5 exd5 4. Bd3 Nc6 5. c3 Bd6 6. h3 Nge7 7. Nf3 f6 8. Be3
Be6 9. Qc2 Qd7 10. Nbd2 Bf5 11. Nb3 O-O 12. Nh4 Bxd3 13. Qxd3 Rfe8 14. O-O-O a5
15. g4 a4 16. Nc5 Bxc5 17. dxc5 Ne5 18. Qd4 Qb5 19. Qd2 b6 20. cxb6 c5 21. Nf5
Nxf5 22. Qxd5+ Kh8 23. gxf5 Nc4 24. Rd2 Nxd2 25. Qxd2 Qc4 26. Kb1 Qe4+ 0-1

[Event "Winnipeg TNT 2020.02"]
[Site "Winnipeg CAN"]
[Date "2020.02.25"]
[Round "4.3"]
[White "Eckert, Ethan"]
[Black "Rutter, Blair"]
[Result "1-0"]
[WhiteElo "1777"]
[BlackElo "1912"]
[Annotator "aboro"]
[PlyCount "85"]
[EventDate "2020.02.04"]
[EventType "swiss"]
[EventRounds "4"]
[EventCountry "CAN"]

1. e4 e6 2. d4 d5 3. exd5 exd5 4. Nf3 Nf6 5. Bd3 Bg4 6. h3 Bh5 7. O-O Nbd7 8.
Bf4 Be7 9. Re1 Rc8 10. Qe2 Bg6 11. Bxg6 hxg6 12. Nc3 a6 13. Na4 Kf8 14. Rac1 b5
15. Nc3 Bb4 16. a3 Bxc3 17. bxc3 Ne4 18. Qe3 Ndf6 19. Ne5 Qe8 20. Qd3 Qd8 21.
a4 Nd6 22. axb5 axb5 23. Ra1 Nfe8 24. Qe2 Rh4 25. Qf3 Ne4 26. Nxg6+ Kg8 27.
Nxh4 Qxh4 28. Bg3 Qh6 29. Qg4 Rd8 30. Be5 Qd2 31. Qf4 Qxc3 32. f3 N4d6 33. Bxd6
Nxd6 34. Qe3 Qc4 35. Re2 Qc6 36. Rae1 Nf5 37. Qg5 Qf6 38. Qxf6 gxf6 39. Re8+
Rxe8 40. Rxe8+ Kg7 41. Rc8 Nxd4 42. Rxc7 Kg6 43. Rc5 {
and White won in 78 moves.} 1-0

[Event "Winnipeg TNT 2020.02"]
[Site "Winnipeg CAN"]
[Date "2020.02.25"]
[Round "4.4"]
[White "Piche, Zachary"]
[Black "Melnyk, Jim"]
[Result "1-0"]
[WhiteElo "1559"]
[BlackElo "1682"]
[PlyCount "105"]
[EventDate "2020.02.04"]
[EventType "swiss"]
[EventRounds "4"]
[EventCountry "CAN"]

1. Nf3 d5 2. c4 Nf6 3. cxd5 Nxd5 4. e4 Nb6 5. d4 e6 6. a3 Bd7 7. Nc3 Nc6 8. Bf4
a6 9. Rc1 Be7 10. d5 Na7 11. Be2 Rc8 12. dxe6 Bxe6 13. Qxd8+ Bxd8 14. O-O c5
15. Rfd1 Be7 16. Be3 Nc4 17. Bxc4 Bxc4 18. Nd5 Be2 19. Rd2 Bxf3 20. gxf3 Bd6
21. Rdc2 O-O 22. Bxc5 Rxc5 23. Rxc5 Bxc5 24. Rxc5 Nc6 25. Kg2 Re8 26. Nc7 Re5
27. Nxa6 f6 28. Rxe5 Nxe5 29. Nc5 b6 30. Na4 Nc4 31. b3 Nxa3 32. Nxb6 Kf7 33.
Nd5 Ke6 34. Kg3 Ke5 35. Ne3 Nb5 36. b4 Ke6 37. h4 g6 38. Nd5 f5 39. Kf4 fxe4
40. fxe4 h6 41. f3 Kd6 42. Nf6 Kc6 43. Ng8 g5+ 44. hxg5 hxg5+ 45. Kxg5 Nd4 46.
f4 Kb5 47. f5 Kxb4 48. f6 Kc5 49. Ne7 Ne6+ 50. Kf5 Kd6 51. Nc8+ Kd7 52. Nb6+
Kd6 53. e5+ 1-0

[Event "Winnipeg TNT 2020.02"]
[Site "Winnipeg CAN"]
[Date "2020.02.25"]
[Round "4.5"]
[White "Furda, Ievgeniia-Diana"]
[Black "Bince, Rolando"]
[Result "0-1"]
[WhiteElo "1625"]
[BlackElo "1934"]
[PlyCount "94"]
[EventDate "2020.02.04"]
[EventType "swiss"]
[EventRounds "4"]
[EventCountry "CAN"]

1. e4 e5 2. Nf3 Nc6 3. d4 exd4 4. Nxd4 Be7 5. Nc3 Nf6 6. Nxc6 bxc6 7. Bd3 d6 8.
O-O d5 9. exd5 cxd5 10. Bb5+ Bd7 11. Bxd7+ Qxd7 12. Bg5 c6 13. Qe2 O-O 14. Rad1
Rfe8 15. Qf3 Qg4 16. Qxg4 Nxg4 17. Bxe7 Rxe7 18. Rfe1 Rae8 19. Rxe7 Rxe7 20. h3
Nf6 21. Kf1 Kf8 22. Re1 Rb7 23. Rb1 c5 24. Na4 Rc7 25. Rc1 Ke7 26. c4 d4 27. a3
a5 28. b3 Nd7 29. Rb1 Rb7 30. Ke2 Kd6 31. Kd2 Ne5 32. Kc2 Nc6 33. Nb2 Re7 34.
Kd2 f6 35. Nd3 g5 36. b4 axb4 37. axb4 cxb4 38. Nxb4 Rb7 39. Nxc6 Rxb1 40. Nxd4
Kc5 41. Ne6+ Kxc4 42. Nf8 Rb7 43. Ne6 Rd7+ 44. Kc2 Kd5 45. Nxg5 fxg5 46. Kd2
Ke4+ 47. Ke2 Ra7 0-1

[Event "Winnipeg TNT 2020.02"]
[Site "Winnipeg CAN"]
[Date "2020.02.25"]
[Round "4.6"]
[White "Green, Jim"]
[Black "Tiqui, Wilfredo"]
[Result "1-0"]
[WhiteElo "1852"]
[BlackElo "1461"]
[PlyCount "45"]
[EventDate "2020.02.04"]
[EventType "swiss"]
[EventRounds "4"]
[EventCountry "CAN"]

1. e4 e5 2. Nf3 Nc6 3. d4 exd4 4. Nxd4 Qf6 5. Nxc6 Qxc6 6. Bd3 Nf6 7. O-O Bc5
8. Nc3 d6 9. Bb5 O-O 10. Bxc6 bxc6 11. h3 g6 12. Qf3 Nh5 13. Bh6 Ng7 14. Qf6
Ne8 15. Qe7 Ng7 16. Qxc7 Ba6 17. Rfe1 Rac8 18. Qa5 Bb7 19. Na4 Bd4 20. c3 Bf6
21. Qxa7 Rb8 22. Nb6 Rfd8 23. Nd7 1-0

[Event "Winnipeg TNT 2020.02"]
[Site "Winnipeg CAN"]
[Date "2020.02.25"]
[Round "4.7"]
[White "Ott, Richard"]
[Black "Gannon, Keith"]
[Result "1-0"]
[WhiteElo "1500"]
[BlackElo "1460"]
[PlyCount "83"]
[EventDate "2020.02.04"]
[EventType "swiss"]
[EventRounds "4"]
[EventCountry "CAN"]

1. d4 d5 2. c4 e6 3. Nc3 Nf6 4. cxd5 exd5 5. Bg5 Be7 6. e3 O-O 7. Bd3 Re8 8.
Nge2 c6 9. Qc2 Nbd7 10. h3 Qc7 11. O-O h6 12. Bh4 a6 13. Rfd1 Nf8 14. Bxf6 Bxf6
15. Nxd5 Qd6 16. Nxf6+ Qxf6 17. Nf4 Be6 18. Nxe6 Qxe6 19. a4 Rab8 20. a5 Red8
21. Rac1 Qd5 22. b4 Qg5 23. Qc4 Qd5 24. Qc2 Qg5 25. Qe2 Nh7 26. Rc5 Rd5 27. Qf3
Rxc5 28. dxc5 g6 29. Bc4 Qe7 30. Qg3 Rd8 31. Qxg6+ Kh8 32. Rxd8+ Qxd8 33. Qxf7
Ng5 34. Qh5 Qf8 35. h4 Nh7 36. Qe5+ Nf6 37. g4 Qd8 38. Kg2 Qf8 39. g5 hxg5 40.
hxg5 Qg7 41. Qxf6 Qxf6 42. gxf6 1-0

[Event "Winnipeg TNT 2020.02"]
[Site "Winnipeg CAN"]
[Date "2020.02.25"]
[Round "4.8"]
[White "Gregoryanz, Philipp"]
[Black "Magyar, Peter"]
[Result "1/2-1/2"]
[WhiteElo "1475"]
[BlackElo "1455"]
[PlyCount "160"]
[EventDate "2020.02.04"]
[EventType "swiss"]
[EventRounds "4"]
[EventCountry "CAN"]

1. e4 e6 2. d4 d5 3. Nc3 c5 4. Nf3 Nc6 5. Bb5 Bd7 6. O-O cxd4 7. Nxd4 Nf6 8.
Re1 Bd6 9. Bxc6 bxc6 10. e5 c5 11. Ncb5 Bxe5 12. Rxe5 Qb8 13. Bf4 Bxb5 14.
Rxe6+ fxe6 15. Bxb8 Rxb8 16. Nxb5 Rxb5 17. Qe2 Rb6 18. Re1 O-O 19. b3 Ne4 20.
f3 Nc3 21. Qf2 d4 22. a4 a5 23. Qg3 Nd5 24. Qe5 Rf5 25. Qg3 h6 26. Qh4 Rf6 27.
Qh5 Rb8 28. Qh3 Rbf8 29. g3 Ne3 30. f4 Rg6 31. Qh5 Kh7 32. Qxc5 Rf5 33. Qc7
Rgf6 34. Qb6 e5 35. Qa7 exf4 36. Qxd4 Nxc2 37. Qd1 Ne3 38. Qd3 h5 39. Rxe3 fxe3
40. Qxe3 Rf3 41. Qd2 Rf1+ 42. Kg2 R6f5 43. Qd3 R1f2+ 44. Kg1 R2f3 45. Qe4 g6
46. Kg2 Rxb3 47. g4 Rb2+ 48. Kg1 Rb1+ 49. Qxb1 hxg4 50. Kg2 Kh6 51. Qb7 Kg5 52.
Qe7+ Kh5 53. Qe2 Kg5 54. h3 gxh3+ 55. Kxh3 Kf6 56. Qa6+ Kg7 57. Kg4 Kf7 58.
Qb7+ Kf6 59. Qb2+ Ke6 60. Qb6+ Kf7 61. Qd6 Kg7 62. Qe6 Kh6 63. Qxf5 gxf5+ 64.
Kxf5 Kg7 65. Ke5 Kf7 66. Kd5 Ke7 67. Kc5 Kd7 68. Kb5 Kc8 69. Kxa5 Kb7 70. Kb5
Ka7 71. a5 Kb7 72. Ka4 Ka6 73. Kb4 Ka7 74. Kb5 Kb7 75. Kc5 Ka6 76. Kb4 Ka7 77.
Kb5 Kb7 78. Ka4 Ka6 79. Kb4 Ka7 80. Kb5 Kb7 1/2-1/2

[Event "Winnipeg TNT 2020.02"]
[Site "Winnipeg CAN"]
[Date "2020.02.25"]
[Round "4.9"]
[White "Wijeweera, Gavin"]
[Black "March, Bob"]
[Result "1-0"]
[WhiteElo "1359"]
[BlackElo "1204"]
[PlyCount "97"]
[EventDate "2020.02.04"]
[EventType "swiss"]
[EventRounds "4"]
[EventCountry "CAN"]

1. e4 e5 2. Nf3 Nf6 3. Nxe5 d6 4. Nf3 Nxe4 5. Bc4 Be7 6. d4 c6 7. Bb3 d5 8. O-O
Bg4 9. h3 Bxf3 10. Qxf3 Bg5 11. Bxg5 Nxg5 12. Re1+ Ne6 13. c4 O-O 14. Qd3 Qg5
15. cxd5 Nf4 16. Qf3 Nxd5 17. Re5 Qc1+ 18. Kh2 Qxb2 19. Bxd5 cxd5 20. Qc3 Qxc3
21. Nxc3 Nc6 22. Rxd5 Rad8 23. Rxd8 Rxd8 24. d5 Kf8 25. dxc6 bxc6 26. Rd1 Rxd1
27. Nxd1 Ke7 28. Kg3 Kd6 29. Kf4 c5 30. Ke4 g6 31. g4 h6 32. h4 Kc6 33. Ke5 Kb5
34. Kd5 Kb4 35. a3+ Kb3 36. Kxc5 a5 37. a4 Kxa4 38. Nb2+ Kb3 39. Nc4 a4 40. Kd4
a3 41. Nxa3 Kxa3 42. Ke5 Kb3 43. f4 Kc3 44. Kf6 Kd4 45. Kxf7 Ke4 46. Kxg6 Kxf4
47. Kxh6 Kxg4 48. h5 Kf5 49. Kg7 1-0

[Event "Winter Chess Classic"]
[Site "Montreal CAN"]
[Date "2020.03.02"]
[Round "1"]
[White "Williams, Justus"]
[Black "Liang, Jason"]
[Result "0-1"]
[WhiteElo "2340"]
[BlackElo "2288"]
[PlyCount "82"]
[EventDate "2020.03.02"]
[EventType "tourn"]
[EventRounds "9"]
[EventCountry "CAN"]
[WhiteTeam "USA"]
[BlackTeam "USA"]
[WhiteTeamCountry "USA"]
[BlackTeamCountry "USA"]

1. d4 d5 2. Bf4 Nf6 3. e3 c5 4. Nf3 Nc6 5. c4 Bg4 6. dxc5 e5 7. Bg5 e4 8. h3
Bh5 9. cxd5 exf3 10. g4 Qxd5 11. Qxd5 Nxd5 12. gxh5 f6 13. Bh4 O-O-O 14. a3
Bxc5 15. Nd2 Rhe8 16. O-O-O Nxe3 17. fxe3 Bxe3 18. Bb5 Re5 19. Bxc6 bxc6 20.
Rh2 Rc5+ 21. Kb1 Rcd5 22. Kc2 f2 23. Rxf2 Rc5+ 24. Kb1 Bxf2 25. Bxf2 Rxh5 26.
h4 g5 27. hxg5 fxg5 28. Kc1 Rh2 29. Be3 h6 30. Rf1 Re2 31. Nc4 Rd7 32. Rf6 Rh2
33. Nd6+ Kc7 34. Nf7 Re2 35. Bf2 Rdd2 36. Bg3+ Kb7 37. Be5 Rf2 38. Nd6+ Ka6 39.
Nf5 Rde2 40. Rxc6+ Kb7 41. Rc7+ Kb6 0-1

[Event "Winter Chess Classic"]
[Site "Montreal CAN"]
[Date "2020.03.03"]
[Round "2"]
[White "Eckert, Doug"]
[Black "Posthuma, Joshua"]
[Result "1-0"]
[WhiteElo "2139"]
[BlackElo "2355"]
[PlyCount "105"]
[EventDate "2020.03.02"]
[EventType "tourn"]
[EventRounds "9"]
[EventCountry "CAN"]
[WhiteTeam "USA"]
[BlackTeam "USA"]
[WhiteTeamCountry "USA"]
[BlackTeamCountry "USA"]

1. Nf3 c5 2. c4 Nc6 3. d4 cxd4 4. Nxd4 g6 5. e4 Bg7 6. Be3 Nf6 7. Nc3 O-O 8.
Be2 d6 9. f3 Nxd4 10. Bxd4 Be6 11. Qd2 Nd7 12. Be3 Qa5 13. Nd5 Qxd2+ 14. Kxd2
Bxd5 15. cxd5 f5 16. Rac1 fxe4 17. fxe4 Bxb2 18. Rc7 Nc5 19. Bxc5 dxc5 20. Rxe7
b6 21. Rf1 Bf6 22. Re6 Bg5+ 23. Kc3 Rae8 24. Rxf8+ Kxf8 25. Rxe8+ Kxe8 26. g3
Bf6+ 27. Kc4 Kd7 28. Kb5 Kd6 29. Ka6 Ke5 30. Kxa7 Bd8 31. Kb7 Kxe4 32. d6 Kd4
33. Kc8 Bf6 34. d7 c4 35. d8=Q+ Bxd8 36. Kxd8 b5 37. Kd7 Ke3 38. Bd1 Kd2 39.
Bf3 b4 40. Kc6 b3 41. axb3 cxb3 42. Kd5 Ke3 43. Be4 Kf2 44. Ke5 Kg1 45. h4 Kh2
46. Kf4 Kh3 47. Bb1 Kg2 48. g4 Kh3 49. h5 gxh5 50. g5 Kg2 51. Bxh7 b2 52. Be4+
Kf2 53. g6 1-0

[Event "Winter Chess Classic"]
[Site "Montreal CAN"]
[Date "2020.03.03"]
[Round "3"]
[White "Ragnarsson, Dagur"]
[Black "Eckert, Doug"]
[Result "0-1"]
[WhiteElo "2400"]
[BlackElo "2139"]
[PlyCount "114"]
[EventDate "2020.03.02"]
[EventType "tourn"]
[EventRounds "9"]
[EventCountry "CAN"]
[WhiteTeam "Island"]
[BlackTeam "USA"]
[WhiteTeamCountry "ISL"]
[BlackTeamCountry "USA"]

1. d4 Nf6 2. c4 e6 3. Nf3 d5 4. Nc3 Bb4 5. Bg5 dxc4 6. e4 b5 7. e5 h6 8. Bd2
Bxc3 9. bxc3 Nd5 10. Be2 Nd7 11. O-O N7b6 12. Qc2 Bb7 13. Rab1 Qd7 14. Bc1
O-O-O 15. Nd2 Nf4 16. Bf3 Bxf3 17. Nxf3 Nfd5 18. Nd2 Na4 19. Ne4 Qc6 20. f4 f5
21. exf6 gxf6 22. Rf3 Rhg8 23. Kh1 f5 24. Ng3 h5 25. Bd2 h4 26. Ne2 Nf6 27. Ng1
Rg4 28. Re1 Rdg8 29. Re2 h3 30. g3 Ne4 31. Rxe4 Qxe4 32. Qxe4 fxe4 33. Re3 c5
34. Nxh3 cxd4 35. cxd4 R4g6 36. Ng5 Rd8 37. Rxe4 c3 38. Be3 Rd6 39. Nf7 Ra6 40.
Ne5 Rg8 41. Bc1 Nb2 42. Kg2 Rxa2 43. Kf3 Ra1 44. Re1 Kc7 45. Ke2 b4 46. g4 Kd6
47. h4 Kd5 48. h5 Nc4 49. Kd3 Nxe5+ 50. Rxe5+ Kd6 51. Be3 Rxg4 52. h6 Rh4 53.
Rb5 Rh3 54. h7 Rxh7 55. Rxb4 Rh3 56. Ke2 c2 57. Rc4 Rxe3+ 0-1

[Event "Winter Chess Classic"]
[Site "Montreal CAN"]
[Date "2020.03.03"]
[Round "3"]
[White "Vigorito, David"]
[Black "Liang, Jason"]
[Result "0-1"]
[WhiteElo "2357"]
[BlackElo "2288"]
[PlyCount "114"]
[EventDate "2020.03.02"]
[EventType "tourn"]
[EventRounds "9"]
[EventCountry "CAN"]
[WhiteTeam "USA"]
[BlackTeam "USA"]
[WhiteTeamCountry "USA"]
[BlackTeamCountry "USA"]

1. d4 d5 2. c4 e6 3. Nf3 Nf6 4. g3 Be7 5. Bg2 O-O 6. O-O dxc4 7. Qc2 b6 8. Bg5
Nd5 9. Bxe7 Qxe7 10. Nbd2 b5 11. b3 c3 12. Ne4 b4 13. a3 Nc6 14. axb4 Rb8 15.
Nxc3 Ndxb4 16. Qc1 a5 17. Rd1 Rd8 18. e4 Qf6 19. d5 exd5 20. Nxd5 Nxd5 21. exd5
Nb4 22. Ng5 Bg4 23. Ne4 Qb6 24. Rd2 Nxd5 25. Nc5 Nf6 26. Rxd8+ Rxd8 27. Qc3
Rd1+ 28. Rxd1 Bxd1 29. h3 h6 30. Qe3 Bc2 31. Qc3 Bf5 32. Qe5 Bc8 33. Ne4 Bb7
34. Nxf6+ gxf6 35. Qe8+ Kg7 36. Bxb7 Qxb7 37. Qe3 Qb4 38. Kh2 a4 39. bxa4 Qxa4
40. Qc5 c6 41. h4 Qe4 42. Kg1 Qd5 43. Qb4 c5 44. Qg4+ Kh7 45. Qf4 Qe6 46. Qc1
c4 47. Qc3 Kg7 48. Kf1 Qe4 49. f3 Qe6 50. Kf2 Kg8 51. Qe3 Qd5 52. Qxh6 c3 53.
Ke2 Qb5+ 54. Kd1 Qb3+ 55. Ke2 Qc2+ 56. Ke1 Qb1+ 57. Ke2 c2 0-1

[Event "Winter Chess Classic"]
[Site "Montreal CAN"]
[Date "2020.03.04"]
[Round "4"]
[White "Eckert, Doug"]
[Black "Williams, Justus"]
[Result "0-1"]
[WhiteElo "2139"]
[BlackElo "2340"]
[PlyCount "58"]
[EventDate "2020.03.02"]
[EventType "tourn"]
[EventRounds "9"]
[EventCountry "CAN"]
[WhiteTeam "USA"]
[BlackTeam "USA"]
[WhiteTeamCountry "USA"]
[BlackTeamCountry "USA"]

1. Nf3 d5 2. c4 d4 3. b4 Bg4 4. Qb3 c6 5. Bb2 Bxf3 6. Qxf3 e5 7. b5 Nf6 8. e3
Bc5 9. Be2 O-O 10. O-O a6 11. exd4 Bxd4 12. Nc3 e4 13. Qg3 Re8 14. a4 Nbd7 15.
Rad1 Nc5 16. Kh1 Qa5 17. Rb1 axb5 18. axb5 Rad8 19. b6 Ne6 20. Ba1 Be5 21. f4
exf3 22. Qxf3 Nd4 23. Qh3 Nxe2 24. Nxe2 Qxd2 25. Ng3 Qd3 26. Qh4 Bxg3 27. hxg3
Ne4 28. Kh2 Nd2 29. Rfd1 Nf3+ 0-1

[Event "Winter Chess Classic"]
[Site "Montreal CAN"]
[Date "2020.03.04"]
[Round "4"]
[White "Posthuma, Joshua"]
[Black "Ragnarsson, Dagur"]
[Result "1-0"]
[WhiteElo "2355"]
[BlackElo "2400"]
[PlyCount "99"]
[EventDate "2020.03.02"]
[EventType "tourn"]
[EventRounds "9"]
[EventCountry "CAN"]
[WhiteTeam "USA"]
[BlackTeam "Island"]
[WhiteTeamCountry "USA"]
[BlackTeamCountry "ISL"]

1. d4 Nf6 2. c4 g6 3. Nc3 d5 4. cxd5 Nxd5 5. Na4 Nf6 6. Nf3 Bg7 7. g3 Nc6 8.
Nc3 Bf5 9. d5 Nb8 10. e4 Bg4 11. Bg2 O-O 12. O-O c6 13. h3 Bxf3 14. Qxf3 cxd5
15. exd5 Ne8 16. Re1 Nd6 17. Bg5 Re8 18. Ne4 Na6 19. Nxd6 Qxd6 20. Bf4 Qb6 21.
d6 exd6 22. Qxb7 Rad8 23. Rxe8+ Rxe8 24. Qxb6 axb6 25. Rd1 Bxb2 26. Rxd6 Re6
27. Rd7 Nc5 28. Ra7 h5 29. Bd5 Rf6 30. Be3 Bc3 31. a4 Nd3 32. Rc7 Be1 33. f4
Nb4 34. Bb3 Bxg3 35. Bd4 Bxf4 36. Rc4 Rc6 37. Rxb4 Bc7 38. Bb2 Kf8 39. Re4 f6
40. Ba3+ Kg7 41. Bd5 Rc3 42. Re7+ Kh6 43. Bb2 Bd6 44. Re2 Rg3+ 45. Kf2 Rxh3 46.
Bxf6 Bc5+ 47. Kg2 Rd3 48. Bc4 Ra3 49. Re8 g5 50. Bf7 1-0

[Event "Winter Chess Classic"]
[Site "Montreal CAN"]
[Date "2020.03.04"]
[Round "5"]
[White "Williams, Justus"]
[Black "Posthuma, Joshua"]
[Result "1-0"]
[WhiteElo "2340"]
[BlackElo "2355"]
[PlyCount "109"]
[EventDate "2020.03.02"]
[EventType "tourn"]
[EventRounds "9"]
[EventCountry "CAN"]
[WhiteTeam "USA"]
[BlackTeam "USA"]
[WhiteTeamCountry "USA"]
[BlackTeamCountry "USA"]

1. Nf3 c5 2. c4 Nc6 3. Nc3 g6 4. g3 Bg7 5. Bg2 e5 6. a3 d6 7. O-O Nge7 8. b4 e4
9. Ne1 Be6 10. Rb1 cxb4 11. Nxe4 Bxc4 12. axb4 O-O 13. b5 Nd4 14. Nc3 Qd7 15.
d3 Nxb5 16. Qa4 Be6 17. Qxb5 Bxc3 18. Qxd7 Bxd7 19. Rxb7 Rad8 20. Rxa7 Rfe8 21.
Rb7 Rf8 22. Ra7 Rfe8 23. Bg5 Kg7 24. Nc2 h6 25. Be3 Nf5 26. Bb6 Rb8 27. Rxd7
Rxb6 28. Ne3 Nd4 29. Bd5 Nxe2+ 30. Kg2 Rf8 31. Nc4 Rbb8 32. Re7 Rbe8 33. Rxe8
Rxe8 34. Bxf7 Kxf7 35. Nxd6+ Kf8 36. Nxe8 Kxe8 37. Kf3 Nd4+ 38. Ke4 Ke7 39. Kd5
Nf3 40. Rc1 Bb2 41. Rc2 Ba1 42. h4 h5 43. d4 Bxd4 44. Re2+ Kf6 45. Re4 g5 46.
hxg5+ Kxg5 47. Rxd4 Nxd4 48. Kxd4 Kg4 49. Ke4 Kh3 50. Kf3 Kh2 51. g4 h4 52. g5
h3 53. g6 Kh1 54. g7 h2 55. Ke2 1-0

[Event "Winter Chess Classic"]
[Site "Montreal CAN"]
[Date "2020.03.05"]
[Round "6"]
[White "Eckert, Doug"]
[Black "Vigorito, David"]
[Result "1/2-1/2"]
[WhiteElo "2139"]
[BlackElo "2357"]
[PlyCount "60"]
[EventDate "2020.03.02"]
[EventType "tourn"]
[EventRounds "9"]
[EventCountry "CAN"]
[WhiteTeam "USA"]
[BlackTeam "USA"]
[WhiteTeamCountry "USA"]
[BlackTeamCountry "USA"]

1. Nf3 g6 2. c4 Bg7 3. Nc3 c5 4. g3 Nc6 5. Bg2 e6 6. d3 Nge7 7. Bg5 h6 8. Bd2
b6 9. Qc1 Bb7 10. O-O d5 11. Rb1 Rc8 12. a3 Qd7 13. b4 dxc4 14. dxc4 Nd4 15.
bxc5 Bxf3 16. Bxf3 Rxc5 17. Ne4 Rc7 18. Rd1 f5 19. Be3 e5 20. Nd2 Qe6 21. Bxd4
exd4 22. Qc2 O-O 23. Qd3 Kh8 24. Rbc1 Rfc8 25. Rc2 g5 26. Rdc1 Ng6 27. Bd5 Qf6
28. Nb3 Ne7 29. Bg2 Ng6 30. Bd5 Ne7 1/2-1/2